Better late than never? (Record no. 83374)

MARC details
000 -LEADER
fixed length control field 01887cab a22003015a 4500
001 - CONTROL NUMBER
control field L153783
008 - FIXED-LENGTH DATA ELEMENTS--GENERAL INFORMATION
fixed length control field 110830e20110708xxk 000 0 eng d
035 ## - SYSTEM CONTROL NUMBER
System control number (Sirsi) u153783
041 0# - LANGUAGE CODE
Language code of text/sound track or separate title eng
100 1# - MAIN ENTRY--PERSONAL NAME
Personal name Briggs, Aidan
245 00 - TITLE STATEMENT
Title Better late than never?
260 ## - PUBLICATION, DISTRIBUTION, ETC.
Date of publication, distribution, etc. 2011
490 #0 - SERIES STATEMENT
Series statement New Law Journal
Volume/sequential designation 161(7473) 8 July 2011, 941-942(2)
520 ## - SUMMARY, ETC.
Summary, etc. Recent judgments clarify when National Non-Domestic Rate Demands (NNDR) can be challenged. Justice Burnett in his judgments in "North Somerset District Council v Honda Motor Europe Ltd and Ors" [2010] EWHC 1505 (QB) and "Secerno Ltd v Oxford Magistrates' Court and Vale of White Horse District Council " [2011] EHWC 1009 (Admin) thoroughly analyses the legislation but left some glaring inconsistencies in the law's treatment of delay and prejudice. Suggests proposals for reform whereby the courts would be permitted to entertain an attenuated-style 'Wandsworth' ("Wandsworth LBC v Winder (No1)") defence where it can be shown that a billing authority has acted ultra vires or unreasonably with the taxpayer suffering prejudice as a result.
590 ## - LOCAL NOTE (RLIN)
Local note KA
650 24 - SUBJECT ADDED ENTRY--TOPICAL TERM
Topical term or geographic name entry element NON-DOMESTIC RATING (ALTERATION OF LISTS AND APPEALS) (ENGLAND) REGULATIONS 2005
650 24 - SUBJECT ADDED ENTRY--TOPICAL TERM
Topical term or geographic name entry element HACKNEY V MOTT ENCON INSULATION LTD V NOTTINGHAM CITY COUNCIL
650 24 - SUBJECT ADDED ENTRY--TOPICAL TERM
Topical term or geographic name entry element R (VITESSE NETWORKS LTD) V NORTH WEST WILTSHIRE MAGISTRATES COURT
650 24 - SUBJECT ADDED ENTRY--TOPICAL TERM
Topical term or geographic name entry element WANDSWORTH LBC V WINDER (No1)
650 24 - SUBJECT ADDED ENTRY--TOPICAL TERM
Topical term or geographic name entry element NORTH SOMERSET DC V HONDA MOTOR EUROPE LTD
650 24 - SUBJECT ADDED ENTRY--TOPICAL TERM
Topical term or geographic name entry element SECERNO LTD V OXFORD MAGISTRATES COURT AND VALE OF WHITE HORSE DC
650 24 - SUBJECT ADDED ENTRY--TOPICAL TERM
Topical term or geographic name entry element LOCAL GOVERNMENT FINANCE ACT 1988
650 24 - SUBJECT ADDED ENTRY--TOPICAL TERM
Topical term or geographic name entry element NON-DOMESTIC RATING (COLLECTION AND ENFORCEMENT) (LOCAL LISTS) REGULATIONS 1989
651 #4 - SUBJECT ADDED ENTRY--GEOGRAPHIC NAME
Geographic name England and Wales
Chronological subdivision 1543-
690 ## - LOCAL SUBJECT ADDED ENTRY--TOPICAL TERM (OCLC, RLIN)
Topical term or geographic name as entry element PROPERTY-COMMERCIAL PROPERTY-COMMERCIAL PROPERTY TAXATION-BUSINESS RATES
700 1# - ADDED ENTRY--PERSONAL NAME
Personal name Barlow, Craig
942 ## - ADDED ENTRY ELEMENTS (KOHA)
Suppress in OPAC 0
Holdings
Withdrawn status Lost status Source of classification or shelving scheme Damaged status Not for loan Home library Current library Shelving location Date acquired Total Checkouts Full call number Barcode Date last seen Copy number Price effective from Koha item type
    Dewey Decimal Classification     London London Journal article 30/08/2011   L153783 153783-1001 06/08/2019 1 06/08/2019 Journal article